<?xml version="1.0" encoding="UTF-8"?>
<record
    xmlns:xsi="http://www.w3.org/2001/XMLSchema-instance"
    xsi:schemaLocation="http://www.loc.gov/MARC21/slim http://www.loc.gov/standards/marcxml/schema/MARC21slim.xsd"
    xmlns="http://www.loc.gov/MARC21/slim">

  <leader>02168pam a22003131i 4500</leader>
  <controlfield tag="001">991025425058107026</controlfield>
  <controlfield tag="003">UkOxU</controlfield>
  <controlfield tag="005">20250616095153.0</controlfield>
  <controlfield tag="006">m    ||  d |      </controlfield>
  <controlfield tag="007">cr |||||||||||</controlfield>
  <controlfield tag="008">230314r20232021enk     o     000|0|eng|d</controlfield>
  <datafield tag="015" ind1=" " ind2=" ">
    <subfield code="a">GBC360250</subfield>
    <subfield code="2">bnb</subfield>
  </datafield>
  <datafield tag="020" ind1=" " ind2=" ">
    <subfield code="a">9781786278968</subfield>
  </datafield>
  <datafield tag="040" ind1=" " ind2=" ">
    <subfield code="a">StDuBDS</subfield>
    <subfield code="b">eng</subfield>
    <subfield code="e">rda</subfield>
    <subfield code="e">pn</subfield>
    <subfield code="c">StDuBDS</subfield>
    <subfield code="d">Uk</subfield>
    <subfield code="d">UkOxU</subfield>
  </datafield>
  <datafield tag="041" ind1=" " ind2=" ">
    <subfield code="a">eng</subfield>
  </datafield>
  <datafield tag="100" ind1=" " ind2=" ">
    <subfield code="a">Boswell, Lisa,</subfield>
    <subfield code="e">author.</subfield>
    <subfield code="9">25403</subfield>
  </datafield>
  <datafield tag="245" ind1="1" ind2="4">
    <subfield code="a">The modern oracle </subfield>
    <subfield code="b">: fortune telling and divination for the real world </subfield>
    <subfield code="c">/ Lisa Boswell.</subfield>
  </datafield>
  <datafield tag="264" ind1=" " ind2="1">
    <subfield code="a">London :</subfield>
    <subfield code="b">Laurence King Publishing,</subfield>
    <subfield code="c">2023.</subfield>
  </datafield>
  <datafield tag="300" ind1=" " ind2=" ">
    <subfield code="a">192 pages : color illustrations ; 20 cm</subfield>
  </datafield>
  <datafield tag="500" ind1=" " ind2=" ">
    <subfield code="a">Previously issued in print: 2021.</subfield>
  </datafield>
  <datafield tag="505" ind1=" " ind2=" ">
    <subfield code="a">Seeing signs &#x2014;

Crystal ball scrying &#x2014;

Pendulum dowsing &#x2014;

Reading Lenormand cards &#x2014;

Reading tarot cards &#x2014;

Crystals &#x2014;

Numerology &#x2014;

Dream interpretation &#x2014;

Tea leaf reading &#x2014;

Runes &#x2014;

Astrology &#x2014;

Palmistry &#x2014;

Casting &#x2014;

Conclusion: becoming a diviner &#x2014;

The A-Z of divination &#x2014;

List of symbols and meanings.</subfield>
  </datafield>
  <datafield tag="506" ind1="1" ind2=" ">
    <subfield code="a">Legal Deposit;</subfield>
    <subfield code="c">Only available on premises controlled by the deposit library and to one user at any one time;</subfield>
    <subfield code="e">The Legal Deposit Libraries (Non-Print Works) Regulations (UK).</subfield>
    <subfield code="5">UkOxU</subfield>
  </datafield>
  <datafield tag="520" ind1=" " ind2=" ">
    <subfield code="a">"Discover your fortune, change your destiny. Use your star sign to reach your fitness goals, kickstart your career with crystal energy, sort out of your love life with tarot or embark on some deep self-reflection with palmistry. With expert guidance from a fourth-generation Romany-Gypsy psychic and diviner, The Modern Oracle will teach you the key methods of fortune telling and divination, helping you answer life's big questions and solve everyday dramas. Find out what your future holds"--Publisher's description.</subfield>
  </datafield>
  <datafield tag="540" ind1=" " ind2=" ">
    <subfield code="a">Restricted: Printing from this resource is governed by The Legal Deposit Libraries (Non-Print Works) Regulations (UK) and UK copyright law currently in force.</subfield>
    <subfield code="5">UkOxU</subfield>
  </datafield>
  <datafield tag="588" ind1=" " ind2=" ">
    <subfield code="a">Description based on CIP data; resource not viewed.</subfield>
  </datafield>
  <datafield tag="650" ind1=" " ind2="0">
    <subfield code="a">Fortune-telling.</subfield>
    <subfield code="9">25404</subfield>
  </datafield>
  <datafield tag="650" ind1=" " ind2="0">
    <subfield code="a">Divination.</subfield>
    <subfield code="9">25405</subfield>
  </datafield>
  <datafield tag="942" ind1=" " ind2=" ">
    <subfield code="2">lcc</subfield>
  </datafield>
  <datafield tag="952" ind1=" " ind2=" ">
    <subfield code="0">0</subfield>
    <subfield code="1">0</subfield>
    <subfield code="2">lcc</subfield>
    <subfield code="4">0</subfield>
    <subfield code="7">0</subfield>
    <subfield code="a">TBS</subfield>
    <subfield code="b">TBS</subfield>
    <subfield code="d">2025-06-12</subfield>
    <subfield code="l">0</subfield>
    <subfield code="o">BF1845 BOS</subfield>
    <subfield code="p">B07548</subfield>
    <subfield code="r">2025-06-12</subfield>
    <subfield code="t">1</subfield>
    <subfield code="w">2025-06-12</subfield>
    <subfield code="y">1</subfield>
  </datafield>
  <datafield tag="999" ind1=" " ind2=" ">
    <subfield code="c">4725</subfield>
    <subfield code="d">4725</subfield>
  </datafield>
</record>
